Music Quiz

Random Music or Canada Quiz
Score 0/37 Timer 08:00
0 Plays Today
Song % Correct
Grace, Too
95.7%
My Music at Work
92.4%
Poets
92.4%
Bobcaygeon
90.2%
Ahead by a Century
89.1%
New Orleans is Sinking
88%
Blow at High Dough
85.9%
Locked in the Trunk of a Car
85.9%
Wheat Kings
83.7%
Fireworks
83.7%
At the Hundredth Meridian
82.6%
Fifty Mission Cap
81.5%
Nautical Disaster
81.5%
38 Years Old
80.4%
Courage (for Hugh MacLenann)
80.4%
Little Bones
78.3%
Fiddler's Green
77.2%
Fully Completely
77.2%
Gift Shop
71.7%
Song % Correct
It's a Good Life If You Don't Weaken
66.3%
Boots or Hearts
66.3%
Scared
66.3%
Gus: The Polar Bear from Central Park
64.1%
Cordelia
63%
Three Pistols
62%
Twist My Arm
59.8%
Lake Fever
59.8%
Long Time Running
57.6%
No Threat
56.5%
The Darkest One
56.5%
Something On
55.4%
Vaccination Scar
54.3%
Looking for a Place to Happen
54.3%
The New Maybe
51.1%
Escape is at Hand for the Travelling Man
50%
So Hard Done By
47.8%
Highway Girl
47.8%
Remove Ads.
Support Sporcle.
Get the best of Sporcle when you Go Orange. This ad-free experience offers more features, more stats, and more fun while also helping to support Sporcle. Thank you for becoming a member.

You're not logged in!

Compare scores with friends on all Sporcle quizzes.
OR
Log In

Show Comments

Extras

Created Aug 11, 2016ReportNominate
Tags:Canada Quiz, Tragically Hip

Top Quizzes Today


Score Distribution

Your Account Isn't Verified!

In order to create a playlist on Sporcle, you need to verify the email address you used during registration. Go to your Sporcle Settings to finish the process.

Report this User

Report this user for behavior that violates our Community Guidelines.

Details: